01337nam a2200265 i 4500001000700000003000900007005001700016008004100033080002000074100003500094245013000129246005000259250001200309260007600321300004800397490005900445505016800504546004300672700004000715710005500755830006700810852005200877999001900929952012300948184380ES-MaACL20230906222159.0150731s1985 mx |||| | lat d a821.124-14"-00"1 aOvidio Nasón, Publio.98801310aFastos. pLibros I-III / cPublio Ovidio Nasón ; introducción, versión rítmica y notas de José Quiñones Melgonza.31aPublii Ovidii Nasonis fastorum. pLibri I-III a1ª ed. aMéxico, D.F. : bUniversidad Nacional Autónoma de México, c1985. aXCVIII, 86 dupl., p. CI-CCXXXIII ; c21 cm.1 aBibliotheca scriptorum graecorum et romanorum mexicana8 aContiene: Introducción (p. VII-XCVIII) - ; tFastos de Ovidio (p. 86 dupl.) - Notas al texto latino (p. CI-CXXXII) - Notas al texto español (p. CXXXIII-CCXXXI) aTexto paralelo en latín y español.1 aQuiñones Melgoza, José.91571642 aUniversidad Nacional Autónoma de México.973970 aBibliotheca scriptorum graecorum et romanorum mexicana9191887 aES-MaACLjL-30132 z.- Donat. Miguel A. Velasco c184380d184380 00104070aATENEOMbATENEOMcDEPO2d2015-07-31eDONl0oL-30132p1193984r2023-02-23 00:00:00w2023-02-23yMONOGRAFIA